000 00339cam a2200145ua 4500
041 _aeng
_h
082 _a750
_bMUK/MA
100 _aMukuldev, .
245 _aMahatma Gandhi /
_cMukuldev.
_hTextual Documents
260 _aMumbai :
_bOrient-Longman Ltd ,
_c1962.
300 _a11 ; .
504 _a
942 _cBK
999 _c4918
_d4918